000 00229nam a22001097a 4500
082 _aIJA
100 _aIjaz Hussain Khan
245 _aCorrosin technology Volum 1
260 _aLahore
_bAFAQ
_c2010
300 _a476
942 _cBK
999 _c16805
_d16805